Les épreuves du Pentathlon - Statistiques

Statistiques générales
  • Ce quiz a été pris 42 fois
  • Le résultat moyen est 4 sur 5
Statistiques - réponses
Ordre Epreuve % Correct
1 Natation
88%
3 Equitation
74%
4 Tir
74%
2 Escrime
69%
5 Course à pied
55%
Aucun quiz correspondant
Distribution des résultats
% des personnes avec chaque résultat
Percentile par nombre de réponses
Votre historique - résultats
Vous n’avez pas pris ce quiz